Sports Quiz

Random Sports or Hockey Quiz

NHL Conn Smythe Winners Quiz Stats

 Plays Quiz Updated Jun 18, 2019

Score 0/54 Timer 07:00
2 Plays Today
Year Winner % Correct
2016-17Sidney Crosby
94%
2015-16Sidney Crosby
93.9%
2017-18Alex Ovechkin
91.1%
1984-85Wayne Gretzky
89.1%
1987-88Wayne Gretzky
89.1%
2012-13Patrick Kane
89%
2011-12Jonathan Quick
80.7%
1990-91Mario Lemieux
80.4%
1991-92Mario Lemieux
80.4%
1983-84Mark Messier
79.9%
1994-95Claude Lemieux
79.4%
1985-86Patrick Roy
79.2%
1992-93Patrick Roy
79.2%
2000-01Patrick Roy
79.2%
1997-98Steve Yzerman
75.2%
2008-09Evgeni Malkin
74.4%
1995-96Joe Sakic
74%
2018-19Ryan O'Reilly
73%
2014-15Duncan Keith
72.3%
1969-70Bobby Orr
67.6%
1971-72Bobby Orr
67.6%
2001-02Nicklas Lidstrom
66.6%
2007-08Henrik Zetterberg
66.1%
2005-06Cam Ward
63.3%
2009-10Jonathan Toews
63.2%
2002-03Jean-Sebastien Giguere
60.7%
1981-82Mike Bossy
60.6%
Year Winner % Correct
1999-00Scott Stevens
58.1%
2013-14Justin Williams
57.4%
2003-04Brad Richards
55.3%
1976-77Guy Lafleur
54.5%
1993-94Brian Leetch
54%
2010-11Tim Thomas
53.8%
2006-07Scott Niedermayer
52.8%
1979-80Bryan Trottier
51.1%
1982-83Billy Smith
48.6%
1986-87Ron Hextall
48.4%
1996-97Mike Vernon
42.8%
1970-71Ken Dryden
38.3%
1964-65Jean Beliveau
35.1%
1973-74Bernie Parent
35%
1974-75Bernie Parent
35%
1998-99Joe Nieuwendyk
34.5%
1977-78Larry Robinson
34.1%
1988-89Al MacInnis
32.1%
1989-90Bill Ranford
29.4%
1975-76Reggie Leach
22.4%
1967-68Glenn Hall
21.6%
1968-69Serge Savard
21.4%
1980-81Butch Goring
21.1%
1978-79Bob Gainey
19.8%
1966-67Dave Keon
17.6%
1972-73Yvan Cournoyer
17.3%
1965-66Roger Crozier
9.9%

You're not logged in!

Compare scores with friends on all Sporcle quizzes.
OR
Log In

Sporcle TV

Today on Sporcle TV


Watch our educational content, quiz creation guides, and fun videos on Sporcle TV.

Show Comments

Extras

Top Quizzes Today


Score Distribution

Your Account Isn't Verified!

In order to create a playlist on Sporcle, you need to verify the email address you used during registration. Go to your Sporcle Settings to finish the process.

Report this User

Report this user for behavior that violates our Community Guidelines.

Details: